000 00722nam a2200217Ia 4500
003 GCL
008 140319s9999 xx 000 0 ara d
020 _a5411291977
040 _aGCL /
_cGCL
082 0 4 _a291
_bج ن
100 1 _aجمال الحسينى ابوفرحة
245 1 0 _aالنبى الخاتم :
_bهل وجد ومن يكون /
_cجمال الحسينى ابوفرحة
250 _aالاولى
260 _aالقاهرة :
_bمركز الحضارة العربية للاعلام والنشر ،
_c2002
300 _a319 ص ؛
_c24 سم
650 0 4 _aالاسلام
650 0 4 _aاليهودية
650 0 4 _aالديانات المقارنة
650 0 4 _aالمسيحية
942 _2ddc
_cBK
999 _c4832
_d4832